|
|
|
|
| LEADER |
00867pam a22002418a 4500 |
| 001 |
00019031 |
| 005 |
20171026081022.0 |
| 008 |
110505s1984 ||||||Viesd |
| 041 |
0 |
# |
|a Vie
|
| 082 |
1 |
4 |
|a 801
|b L600L
|
| 100 |
0 |
# |
|a Nguyễn Đức Kế
|
| 245 |
0 |
0 |
|a Lý luận văn học
|c Nguyễn Đức Kế
|
| 260 |
# |
# |
|a H.
|b Giáo dục
|c 1984
|
| 300 |
# |
# |
|a 95 tr.
|c 19 cm.
|
| 500 |
# |
# |
|a Lưu hành nội bộ
|
| 650 |
# |
4 |
|a Lý luận
|
| 650 |
# |
4 |
|a Văn học
|
| 852 |
# |
# |
|b Kho giáo trình
|j KGT.0021807, KGT.0021808, KGT.0021809, KGT.0021810, KGT.0021811
|
| 852 |
# |
# |
|b Kho mượn
|j KGT.0021807
|
| 852 |
# |
# |
|b Kho đọc
|j KD.0004381
|
| 852 |
# |
# |
|j KD.0004381
|j KGT.0021807
|j KGT.0021809
|j KGT.0021811
|j KGT.0021808
|j KGT.0021810
|
| 910 |
|
|
|d 05/05/2011
|
| 980 |
# |
# |
|a Trung tâm Học liệu Lê Vũ Hùng, Trường Đại học Đồng Tháp
|